| 000 | 00373nam a2200145Ia 4500 | ||
|---|---|---|---|
| 005 | 20250304235046.0 | ||
| 008 | 240331s9999 xx 000 0 und d | ||
| 082 |
_bVAL _26104 _a920 |
||
| 100 | _aValliappan, S | ||
| 245 | 0 | _aKaalam Ungal Kaaladiyil | |
| 260 |
_aChennai _bKizhakku Pathippagam _c2004 |
||
| 300 | _a184 p., | ||
| 500 | _aA book on Time Management. | ||
| 942 | _cL | ||
| 999 |
_c4688 _d4688 |
||